Normal view
MARC view
- Komarovsky, Mirra,
Entry Personal Name
001 - CONTROL NUMBER
- control field: 2762
003 - CONTROL NUMBER IDENTIFIER
- control field: OSt
005 - DATE AND TIME OF LATEST TRANSACTION
- control field: 20170509141132.0
008 - FIXED-LENGTH DATA ELEMENTS
- fixed length control field: 170509|| aca||aabn | a|a d
040 ## - CATALOGING SOURCE
- Original cataloging agency: OSt
- Transcribing agency: OSt
100 ## - HEADING--PERSONAL NAME
- Personal name: Komarovsky, Mirra,
- Dates associated with a name: 1906
670 ## - SOURCE DATA FOUND
- Source citation: Work cat.: (OSt): Komarovsky, Mirra, 1906, Dilemmas of masculinity :, 1976.

PORTAL AKMAL
E-MEL JKDM
AKMAL2U
G-BAM
u-PUSTAKA